000 01181nam a2200289Ia 4500
003 OSt
005 20221005111536.0
006 a|||||r|||| 00| 0
007 ta
008 221004b |||||||| |||| 00| 0 hin d
020 _a8126020466 (pbk)
_c200
024 _a92141
037 _b535, 19/03/2009, Vani Prakashan
_cTextual
040 _aCRL
_cCRL
_bhin
041 _2hin
_ahin
082 _aO158,3N24x, 152P9
100 _aशीलभद्र
245 0 _aभूली यादें मधुपुर की
246 _aBhūlī yādean madhupur kī
260 _aनई दिल्ली
_bसाहित्य अकादेमी भारत
_c2009
300 _a112पृ0
_ccm.
490 _aसाहित्य अकादेमी द्वारा पुरस्कृत असमिया कहानी - संग्रह
650 _aअसमी कहानी
700 _a बैनर्जी, नीता, अनु.
942 _hO158,3N24x, 152P9
_cTEXL
_2cc
999 _c1022131
_d1022131